European Capital Match-Up Quiz Stats

 Plays Quiz Updated Jul 14, 2016

Challenge
Share
Tweet
Score 0/47 Timer 07:00
17 Plays Today
% Correct
Athens
97.9%
Berlin
97.7%
London
97%
Amsterdam
97%
Paris
96.9%
Dublin
96.8%
Rome
96.6%
Moscow
96.6%
Madrid
96.4%
Vatican City
95.6%
Brussels
95.3%
Copenhagen
95.3%
Luxembourg
94.8%
Stockholm
94.7%
Oslo
94.5%
Warsaw
93.8%
Lisbon
93.8%
Monaco
93.6%
Helsinki
93.6%
Vienna
92.9%
Reykjavik
92.1%
Budapest
91.7%
Bern
90.5%
San Marino
90.4%
% Correct
Prague
90.2%
Andorra la Vella
89.9%
Ankara
86.6%
Kyiv
85.3%
Bucharest
78.3%
Sofia
75.8%
Sarajevo
74.7%
Minsk
74.5%
Riga
69.8%
Belgrade
69.1%
Zagreb
68.5%
Nicosia
66.5%
Tallinn
64.7%
Bratislava
64.3%
Vilnius
58.8%
Valletta
58.6%
Ljubljana
54.3%
Tirana
53.2%
Vaduz
52.6%
Skopje
46.9%
Chisinau
45%
Pristina
43.9%
Podgorica
41%

You're not logged in!

Compare scores with friends on all Sporcle quizzes.
OR
Log In

You Might Also Like...

Show Comments

Extras

Top Quizzes Today


Score Distribution

Your Account Isn't Verified!

In order to create a playlist on Sporcle, you need to verify the email address you used during registration. Go to your Sporcle Settings to finish the process.

Report this User

Report this user for behavior that violates our Community Guidelines.

Details: